Tribunal practice and procedure (Record no. 112866)

MARC details
000 -LEADER
fixed length control field 00888cam a22002055a 4500
001 - CONTROL NUMBER
control field L154152
008 - FIXED-LENGTH DATA ELEMENTS--GENERAL INFORMATION
fixed length control field 111020s2011 xxk f 000 0 eng d
020 ## - INTERNATIONAL STANDARD BOOK NUMBER
International Standard Book Number 9781903307922
035 ## - SYSTEM CONTROL NUMBER
System control number (Sirsi) u154152
041 0# - LANGUAGE CODE
Language code of text/sound track or separate title eng
100 1# - MAIN ENTRY--PERSONAL NAME
Personal name Jacobs, Edward
245 00 - TITLE STATEMENT
Title Tribunal practice and procedure
250 ## - EDITION STATEMENT
Edition statement 2nd ed.
260 ## - PUBLICATION, DISTRIBUTION, ETC.
Place of publication, distribution, etc. London
Name of publisher, distributor, etc. LAG Education and Service Trust Limited
Date of publication, distribution, etc. 2011
520 ## - SUMMARY, ETC.
Summary, etc. Provides information on the integrated tribunal system created by the Tribunals, Courts and Enforcement Act 2007, including details on the practice and procedure of tribunals, rules of procedure and a framework for better understanding of tribunal practices.
590 ## - LOCAL NOTE (RLIN)
Local note KA
651 #4 - SUBJECT ADDED ENTRY--GEOGRAPHIC NAME
Geographic name England and Wales
Chronological subdivision 1543-
690 ## - LOCAL SUBJECT ADDED ENTRY--TOPICAL TERM (OCLC, RLIN)
Topical term or geographic name as entry element MANAGEMENT-DISPUTE AVOIDANCE, MANAGEMENT AND RESOLUTION-DISPUTE MANAGEMENT AND RESOLUTION-ALTERNATIVE DISPUTE RESOLUTION-ADJUDICATION
942 ## - ADDED ENTRY ELEMENTS (KOHA)
Suppress in OPAC 0
Holdings
Withdrawn status Lost status Source of classification or shelving scheme Damaged status Not for loan Home library Current library Shelving location Date acquired Cost, normal purchase price Total Checkouts Full call number Barcode Date last seen Copy number Cost, replacement price Price effective from Koha item type
    Dewey Decimal Classification     London London Books 24/10/2011 47.50   347.4104 JAC 30079525 06/08/2019 1 47.50 06/08/2019 Book